[Event "CZE-chT2 9798"]
[Site "CZE"]
[Date "1998.??.??"]
[Round "7.4"]
[White "Vanka, Miloslav"]
[Black "Vodicka, Vlastimil"]
[Result "1/2-1/2"]
[WhiteElo "2270"]
[BlackElo "2210"]

1.d4 Nf6 2.Bg5 Ne4 3.Bh4 d5 4.f3 Nd6 5.Nc3 Nf5 6.Bf2 c5 7.dxc5 d4 8.g4 dxc3
9.Qxd8+ Kxd8 10.O-O-O+ Kc7 11.gxf5 cxb2+ 12.Kxb2 Bxf5 13.e4 Bd7 14.Bc4 f6
15.Ne2 Na6 16.Nf4 e5 17.Rxd7+ Kxd7 18.Rd1+ Kc6 19.Bd5+ Kc7 20.Ne6+ Kc8 21.Bc4 Be7
22.Bb5 Nb8 23.Nxg7 Nc6  1/2-1/2

[Event "CZE-chT2 9798"]
[Site "CZE"]
[Date "1998.??.??"]
[Round "7.5"]
[White "Kopta, Pavel"]
[Black "Reznicek, Jan"]
[Result "1-0"]
[WhiteElo "2180"]
[BlackElo "2255"]

1.d4 Nf6 2.Bg5 Ne4 3.Bf4 c5 4.f3 Nf6 5.d5 d6 6.e4 g6 7.Nc3 Bg7 8.Bc4 Na6
9.Nge2 Nc7 10.a4 Nd7 11.O-O O-O 12.Qd2 Ne5 13.b3 Ne8 14.Bg5 Nf6 15.f4 Nxc4
16.bxc4 Nd7 17.Rab1 a6 18.Rb3 Re8 19.Rfb1 Rb8 20.Bh4 Qa5 21.Qd3 f6 22.Be1 Qc7
23.Ng3 Nf8 24.Nce2 Bg4 25.Bd2 Bc8 26.Qf3 Nd7 27.h4 Rf8 28.h5 Qd8 29.Bc3 Qe8
30.Ba5 f5 31.hxg6 hxg6 32.exf5 gxf5 33.Nh5 Nf6 34.Nxg7 Kxg7 35.Bc3 Qg6 36.Ng3 Kf7
37.Bxf6 Qxf6 38.Re1 Re8 39.Rbe3 Bd7 40.Qh5+ Kf8 41.Qh7 Qg7 42.Qh3 Qf6 43.Re6 Bxe6
44.Rxe6 Qd4+ 45.Kh2 Qg7 46.Nxf5 Qg8 47.Qh6+ Kf7 48.Nxd6+  1-0

[Event "CZE-chT2 9798"]
[Site "CZE"]
[Date "1998.??.??"]
[Round "11.6"]
[White "Vanka, Miloslav"]
[Black "Janda, Zdenek"]
[Result "0-1"]
[WhiteElo "2270"]
[BlackElo "2245"]

1.d4 Nf6 2.Bg5 Ne4 3.Bh4 d5 4.f3 Nd6 5.Nc3 c6 6.e4 dxe4 7.fxe4 g6 8.Nf3 Bg7
9.Be2 O-O 10.O-O b5 11.e5 Nf5 12.Bf2 Bh6 13.Qd3 b4 14.Na4 Ng7 15.Nc5 Ne6
16.Qc4 Nf4 17.Rfe1 a5 18.Bf1 Nd5 19.e6 f6 20.Qd3 Na6 21.Nxa6 Bxa6 22.Qe4 Bf4
23.Bxa6 Rxa6 24.c4 bxc3 25.bxc3 Bh6 26.c4 Nc7 27.Rab1 Qc8 28.Bg3 Rd8 29.h3 Bg7
30.Re2 f5 31.Qe3 h6 32.h4 Ne8 33.Rb8 Qxb8 34.Bxb8 Rxb8 35.Ne5 Kh7 36.Qg3 Rb1+
37.Kh2 Bxe5 38.Qxe5 Ra7 39.h5 Nf6 40.hxg6+ Kxg6 41.Qc5 Rab7 42.Qxc6 Ng4+
43.Kg3 Kg5 44.Qf3 h5 45.Qf4+ Kg6 46.Qd2 Rf1 47.Re1 Rb2 48.Qxa5 Rff2 49.Qa8 Nf6
50.Rg1 Rxa2 51.Qf8 f4+ 52.Kh3 Ra3+ 53.Kh4 Rg3 54.Qxe7 Rg4+ 55.Kh3 f3 56.Qf7+ Kf5
57.g3 Re4 58.e7 Rfe2 59.g4+ hxg4+  0-1

[Event "Decin op-A"]
[Site "Decin"]
[Date "1998.??.??"]
[Round "2"]
[White "Drozdov, Alexandre"]
[Black "Gutman, Gennadi"]
[Result "1/2-1/2"]
[WhiteElo "2300"]
[BlackElo "2415"]

1.d4 Nf6 2.Bg5 Ne4 3.Bf4 d5 4.f3 Nf6 5.e3 e6 6.Bd3 c5 7.c3 Nc6 8.Ne2 Nh5
9.Be5 Nf6 10.Bg3 Bd6 11.Nd2 O-O 12.O-O e5 13.dxe5 Nxe5 14.Bxe5 Bxe5 15.e4 Bc7
16.c4 dxc4 17.Bxc4 Qd6 18.g3 Rd8 19.Nb3 Qc6 20.Qc2 b5 21.Nbd4 Qb6 22.Nxb5  1/2-1/2

[Event "Decin op-A"]
[Site "Decin"]
[Date "1998.??.??"]
[Round "5"]
[White "Drozdov, Alexandre"]
[Black "Kolin, Julius"]
[Result "1-0"]
[WhiteElo "2300"]
[BlackElo "2165"]

1.d4 Nf6 2.Bg5 Ne4 3.Bf4 d5 4.e3 Bf5 5.Bd3 Bg6 6.Ne2 e6 7.h4 Nf6 8.c4 Bb4+
9.Nbc3 Bxd3 10.Qxd3 c6 11.h5 h6 12.a3 Bd6 13.c5 Bc7 14.g4 Bxf4 15.exf4 Nxg4
16.Qg3 Nf6 17.Qxg7 Ke7 18.Qg3 Qg8 19.Qf3 Qg4 20.Qe3 Nbd7 21.O-O-O Nxh5 22.Rdg1 Qf5
23.Qf3 Ndf6 24.Rg2 Rag8 25.Rgh2 Rg4 26.Rh4 Rhg8 27.Nd1 Rxh4 28.Rxh4 Qg6 29.Ne3 Ng7
30.Ng3 h5 31.Rh1 Rh8 32.f5 Qg5 33.fxe6 fxe6 34.Rg1 Qh6 35.Ne2 Nf5 36.Kb1 Nxe3
37.fxe3 h4 38.Nf4 Ne4 39.Qg4 h3 40.Ng6+ Kf7 41.Nxh8+ Qxh8 42.Qf4+ Ke7 43.Qc7+  1-0

[Event "Decin op-A"]
[Site "Decin"]
[Date "1998.??.??"]
[Round "9"]
[White "Drozdov, Alexandre"]
[Black "Kernazhitsky, Leonid"]
[Result "1-0"]
[WhiteElo "2300"]
[BlackElo "2425"]

1.d4 Nf6 2.Bg5 Ne4 3.Bf4 c5 4.f3 Qa5+ 5.c3 Nf6 6.d5 Qb6 7.b3 e6 8.dxe6 fxe6
9.e4 d5 10.Bg5 Qd6 11.Bd3 Nc6 12.Nd2 Qe5 13.Bxf6 Qxf6 14.Ne2 Bd7 15.O-O Ne5
16.Bc2 O-O-O 17.Qe1 g5 18.f4 gxf4 19.Nxf4 d4 20.cxd4 cxd4 21.Nd3 Nxd3 22.Bxd3 Qg5
23.Rc1+ Bc6 24.Nc4 Bh6 25.Qb4 Bf8 26.Qe1 Rg8 27.Rc2 Kb8 28.Rf3 Qh5 29.Kh1 Rg5
30.Rcf2 Bg7 31.Qb4 Qe8 32.a4 b6 33.Rf7 Rc8 34.Nxb6 a5 35.Qd6+  1-0

[Event "Centrocoop Sept op-A"]
[Site "Eforie Nord"]
[Date "1998.??.??"]
[Round "?"]
[White "Linca, I."]
[Black "Kozma, Roland"]
[Result "0-1"]
[WhiteElo "1765"]
[BlackElo "1650"]

1.d4 Nf6 2.Bg5 Ne4 3.Bh4 g6 4.f3 Nf6 5.e4 Bg7 6.c4 d6 7.Nc3 c6 8.Bd3 O-O
9.Nge2 Qc7 10.O-O e5 11.d5 a6 12.a4 a5 13.Qd2 Na6 14.Bf2 Nb4 15.Bb1 Ne8 16.Na2 Nxa2
17.Rxa2 f5 18.b4 Nf6 19.c5 cxd5 20.cxd6 Qxd6 21.Bc5 Qe6 22.Bxf8 Bxf8 23.exd5 Nxd5
24.b5 Bb4 25.Qd3 Qb6+ 26.Kh1 Be6 27.Ra1 Ne3 28.Rc1 Rd8 29.Qxd8+ Qxd8 30.Ba2 Bxa2
31.Rxa2 Nd1 32.Ng3 Qd4 33.h3 Qf4 34.Rxd1 Qxg3 35.Rd7 e4 36.Rc2 exf3 37.Rc8+ Bf8
38.gxf3 Qxh3+ 39.Kg1 Qg3+ 40.Kh1 Qxf3+ 41.Kh2 f4 42.Rdd8 Qg3+ 43.Kh1 Qa3
44.Rb8 f3 45.Kh2 Qb2+ 46.Kg3 Qg2+ 47.Kf4 g5+ 48.Kf5 Qh3+ 49.Ke4 Qg4+ 50.Ke3 Qf4+
51.Kf2 g4 52.Rxb7 g3+  0-1

[Event "Centrocoop Sept op-A"]
[Site "Eforie Nord"]
[Date "1998.??.??"]
[Round "?"]
[White "Linca, I."]
[Black "Biro, Andras"]
[Result "1-0"]
[WhiteElo "1765"]
[BlackElo "2250"]

1.d4 Nf6 2.Bg5 Ne4 3.Bh4 g5 4.f3 gxh4 5.fxe4 e5 6.d5 Bh6 7.Nf3 d6 8.Nc3 c6
9.Qd3 c5 10.e3 a6 11.a4 b6 12.Qd2 Rg8 13.Qf2 Rg4 14.Bd3 Ra7 15.h3 Rg3 16.Ne2 Rg7
17.Kd2 Bg5 18.Rag1 Be7 19.Rh2 Nd7 20.g3 hxg3 21.Rxg3 Rg6 22.Rgg2 Nf6 23.Ng3 c4
24.Nh4 Rg5 25.Nf3 Rg6 26.Nh4 Rg5 27.Nf3 Rg6 28.Nh4 Rg8 29.Nh5 Ng4 30.hxg4 cxd3
31.Kxd3 Rxg4 32.Ng7+ Kf8 33.Ne6+ Bxe6 34.dxe6 Bxh4 35.Qf5 Rxg2 36.Rxg2 f6
37.Rg4 Rg7 38.Rxh4 Qe7 39.b4 Kg8 40.Rh6  1-0

[Event "FIN-chT9899"]
[Site "FIN"]
[Date "1998.??.??"]
[Round "4"]
[White "Porrasmaa, Timo"]
[Black "Salo, Heikki"]
[Result "0-1"]
[WhiteElo "2100"]
[BlackElo "2265"]

1.d4 Nf6 2.Bg5 Ne4 3.Bf4 d5 4.Nd2 Bf5 5.Nxe4 Bxe4 6.e3 e6 7.Nf3 Bd6 8.Be2 O-O
9.O-O c5 10.Bxd6 Qxd6 11.dxc5 Qxc5 12.Bd3 Nc6 13.Ng5 Bxd3 14.Qxd3 g6 15.e4 dxe4
16.Nxe4 Qd4 17.Qf3 f5 18.Nc3 Rad8 19.Rad1 Qc5 20.h4 e5 21.h5 Kg7 22.Rfe1 Qe7
23.Nd5 Qf7 24.c4 Rfe8 25.Qe3 Nd4 26.h6+ Kf8 27.f4 Nc2 28.Qc5+ Kg8 29.Rxe5 Rxe5
30.fxe5 Kh8 31.Qf2 Nb4 32.Qd4 Nc6 33.Qc3 Qe6 34.Re1 Kg8 35.Nf4 Qd7 36.Nd5 Qe6
37.Qe3 b6 38.b4 Kf7 39.Nf4 Qxc4 40.e6+ Ke7 41.Qg3 Qd4+ 42.Kh2 Qf6 43.Qf3 Nd4
44.Nd5+ Rxd5  0-1

[Event "Frome op"]
[Site "Frome"]
[Date "1998.??.??"]
[Round "4"]
[White "Gunter, David WW"]
[Black "Buckley, Simon T"]
[Result "0-1"]
[WhiteElo "2185"]
[BlackElo "2105"]

1.d4 Nf6 2.Bg5 Ne4 3.Bf4 c5 4.f3 Nf6 5.d5 g6 6.Nc3 d6 7.e4 Bg7 8.Qd2 Bd7
9.Bh6 Bxh6 10.Qxh6 b5 11.Nge2 Qa5 12.Nc1 Na6 13.Nb3 Qb6 14.Qd2 O-O 15.h4 Rfc8
16.h5 c4 17.Nd4 b4 18.Nd1 c3 19.bxc3 bxc3 20.Qe3 Nb4 21.hxg6 Qxd4 22.gxf7+ Kxf7
23.Qxd4 Nxc2+ 24.Kf2 Nxd4 25.Rc1 c2 26.Ne3 Rab8 27.Ba6 Rc3 28.g4 Kg6 29.g5 Nh5
30.f4 Nxf4 31.Rh6+ Kg7 32.Rhh1 Nh3+  0-1

[Event "BCF-chT2 97/98"]
[Site "GBR"]
[Date "1998.??.??"]
[Round "7"]
[White "James, Russel"]
[Black "Rossiter, Philip J"]
[Result "1/2-1/2"]
[WhiteElo "2110"]
[BlackElo "2370"]

1.d4 Nf6 2.Bg5 Ne4 3.Bf4 d5 4.Nd2 Bf5 5.e3 e6 6.Ngf3 Bd6 7.Nxe4 Bxe4 8.Bxd6 Qxd6
9.Qd2 Bxf3 10.gxf3 Nd7 11.O-O-O O-O-O 12.Kb1 c5 13.Be2 Kb8 14.h4 h5 15.Qa5 Rc8
16.c4 dxc4 17.dxc5 Qxc5 18.Qxc5 Nxc5 19.Bxc4 Rhd8 20.b3 g6 21.Kb2 Nd7 22.f4 Nb6
23.Be2 Nd5 24.a3 Ne7 25.e4 Kc7 26.b4 Nc6 27.Rh3 Rxd1 28.Bxd1 Rd8 29.Kc1 Rd4
30.Re3 Kd6 31.Be2 f5 32.f3 a5 33.b5 Nb8 34.Kc2 Nd7 35.Kc3 Ra4 36.Kb2 Nc5
37.Bd3 fxe4 38.fxe4 Rd4 39.Bb1 Rd2+ 40.Kc3 Rh2 41.e5+ Ke7 42.Bxg6 Rxh4  1/2-1/2

[Event "BCF-chT2 97/98"]
[Site "GBR"]
[Date "1998.??.??"]
[Round "7"]
[White "Dunworth, Christopher"]
[Black "Hunt, Adam"]
[Result "1/2-1/2"]
[WhiteElo "2310"]
[BlackElo "2255"]

1.d4 Nf6 2.Bg5 Ne4 3.Bf4 c5 4.f3 Qa5+ 5.c3 Nf6 6.d5 d6 7.e4 Nbd7 8.Nh3 g6
9.Nd2 Bg7 10.Nf2 O-O 11.Be2 Rb8 12.a4 Rd8 13.g4 Qc7 14.g5 Ne8 15.Ng4 Ne5
16.Nxe5 dxe5 17.Be3 Bh3 18.c4 f6 19.b4 cxb4 20.Bxa7 Ra8 21.Be3 fxg5 22.c5 Nf6
23.Qb3 Kh8 24.Rg1 Nh5 25.Qxb4 Nf4 26.Rb1 Rab8 27.Qb6 Qc8 28.a5 Bf6 29.a6 bxa6
30.Qxb8 Qxb8 31.Rxb8 Rxb8 32.Bxa6 g4 33.Rg3 Bh4 34.c6 Ra8 35.Bb7 Ra1+ 36.Kf2 Nd3+
37.Ke2 Nc1+ 38.Kf2 Nd3+ 39.Ke2 Nc1+ 40.Kd1 Bxg3 41.hxg3 Nb3+ 42.Ke2 Nc1+
43.Kf2 Nd3+ 44.Ke2 Nc1+ 45.Kd1 Nb3+ 46.Ke2 Nc1+ 47.Kf2 Nd3+ 48.Ke2 Nc1+  1/2-1/2

[Event "BCF-chT2 97/98"]
[Site "GBR"]
[Date "1998.??.??"]
[Round "8"]
[White "Dishman, Stephen"]
[Black "Moore, Gerald"]
[Result "1-0"]
[WhiteElo "2325"]
[BlackElo "2215"]

1.d4 Nf6 2.Bg5 Ne4 3.Bf4 c5 4.f3 Qa5+ 5.c3 Nf6 6.Nd2 cxd4 7.Nb3 Qb6 8.Qxd4 Nc6
9.Qxb6 axb6 10.Be3 e5 11.Bxb6 d5 12.e4 Be6 13.Bb5 Nd7 14.Bf2 d4 15.Nc1 dxc3
16.bxc3 Ba3 17.Nge2 Ra5 18.c4 Bb4+ 19.Kd1 Ra3 20.Kc2 O-O 21.Nb3 Rfa8 22.Kb2 Na5
23.Nxa5 R3xa5 24.a4 Nc5 25.Bxc5 Bxc5 26.Rhd1 Kf8 27.Kb3 Ke7 28.Nc3 f6 29.Nd5+ Bxd5
30.Rxd5 b6 31.Rd7+ Kf8 32.Rad1 R5a7 33.Bc6 Rxd7 34.Rxd7 Ra5 35.Bd5  1-0

[Event "BCF-chT2 97/98"]
[Site "GBR"]
[Date "1998.??.??"]
[Round "9"]
[White "Dunworth, Christopher"]
[Black "Vigus, James"]
[Result "1-0"]
[WhiteElo "2310"]
[BlackElo "2260"]

1.d4 Nf6 2.Bg5 Ne4 3.Bf4 d5 4.f3 Nf6 5.e4 dxe4 6.Nc3 Bf5 7.Qd2 e6 8.O-O-O Bb4
9.a3 Bxc3 10.Qxc3 Nd5 11.Qd2 Nxf4 12.Qxf4 Qd6 13.Qg5 O-O 14.g4 Bg6 15.h4 f5
16.h5 Be8 17.h6 g6 18.fxe4 fxe4 19.Bc4 Nd7 20.Ne2 Nb6 21.Bb3 Bc6 22.Rhf1 Nd5
23.c4 Qe7 24.Qd2 Nf6 25.d5 Bd7 26.Nc3 Nxg4 27.c5 e3 28.Qe2 Nf2 29.dxe6 Bc6
30.Rd4 Rf5 31.Qxe3 Ng4 32.Qe1 Rxf1 33.Qxf1 Nxh6 34.Kb1 Nf5 35.Nd5 Qxc5 36.Rd1 Kg7
37.Qe1 Qd6 38.Nb6 Qxd1+ 39.Bxd1 axb6 40.Qe5+ Kg8 41.e7 Nd6 42.Bb3+ Nf7 43.Qf4 Be8
44.Qxc7  1-0

[Event "BCF-chT2 97/98"]
[Site "GBR"]
[Date "1998.??.??"]
[Round "10"]
[White "Gunter, David WW"]
[Black "Simons, Martin"]
[Result "1/2-1/2"]
[WhiteElo "2185"]
[BlackElo "2145"]

1.d4 Nf6 2.Bg5 Ne4 3.Bf4 c5 4.f3 Qa5+ 5.c3 Nf6 6.Nd2 cxd4 7.Nb3 Qb6 8.Qxd4 Nc6
9.Qxb6 axb6 10.Nd4 e5 11.Nxc6 exf4 12.Nd4 Bc5 13.g3 Nd5 14.Nh3 Ne3 15.Kd2 Nxf1+
16.Rhxf1 fxg3 17.hxg3 Bxd4 18.cxd4 d6 19.Nf2 Be6 20.a3 Rc8 21.Rac1 Ke7 22.Ne4 f6
23.Rc3 Rc6 24.Rh1 h6 25.Rh5 f5 26.Rxc6 bxc6 27.Nc3 Kf6 28.Rh1 c5 29.dxc5 dxc5
30.e4 Rd8+ 31.Ke3 Bc4 32.Rd1 Rxd1 33.Nxd1 g5 34.Nc3 Bb3 35.exf5 Kxf5 36.g4+ Ke5
37.Ne4 Bd5 38.Nf2 Bc4 39.Ne4 Bf7 40.Nc3 Be8 41.Ne4 Bd7 42.Nc3 Bc6 43.Nb1 Kd5
44.Nd2 Be8 45.Ne4 Bg6 46.Nf6+ Kc4 47.Nd7 Kb5 48.Ne5 Be8 49.Kd3 Ka4 50.Kc3 h5
51.gxh5 Bxh5 52.Kc4 Be8 53.Kc3 b5 54.Nd3 b4+ 55.axb4 cxb4+ 56.Nxb4 Bh5 57.b3+ Kb5
58.Nc2 g4 59.f4 g3 60.Ne1 Bg6  1/2-1/2

[Event "Oberliga Nord N9899"]
[Site "GER"]
[Date "1998.??.??"]
[Round "?"]
[White "Newton, Robert"]
[Black "Voigt, Martin"]
[Result "0-1"]
[WhiteElo "2110"]
[BlackElo "2275"]

1.d4 Nf6 2.Bg5 Ne4 3.Bf4 c5 4.f3 Nf6 5.d5 Qb6 6.Nc3 Qxb2 7.Bd2 Qb6 8.e4 d6
9.f4 Bg4 10.Be2 Bxe2 11.Qxe2 Qd8 12.e5 dxe5 13.fxe5 Nxd5 14.Qb5+ Nc6 15.Qxb7 Ncb4
16.Qb5+ Qd7 17.Nxd5 Qxb5 18.Nc7+ Kd7 19.Nxb5 Nxc2+ 20.Kd1 Nxa1 21.Kc1 g6
22.Bc3 Bh6+ 23.Kb1 Rhb8  0-1

[Event "Oberliga Nord N9899"]
[Site "GER"]
[Date "1998.??.??"]
[Round "?"]
[White "Storm, Roland"]
[Black "Bokelbrink, Uwe"]
[Result "0-1"]
[WhiteElo "2280"]
[BlackElo "2265"]

1.d4 Nf6 2.Bg5 Ne4 3.Bf4 c5 4.f3 Qa5+ 5.c3 Nf6 6.Nd2 cxd4 7.Nb3 Qf5 8.Bxb8 Rxb8
9.Qxd4 b6 10.e4 Qf4 11.Ne2 Qc7 12.Ng3 e5 13.Qd2 b5 14.Rd1 Rb6 15.Nf5 g6 16.Ne3 Bh6
17.Qf2 Bb7 18.Be2 O-O 19.O-O Rd8 20.Rd3 d5 21.exd5 Bxd5 22.Rfd1 Rbd6 23.Nc2 Bc4
24.Rxd6 Rxd6 25.Rxd6 Qxd6 26.g3 a5 27.Bxc4 bxc4 28.Nxa5 Qc7 29.b4 cxb3 30.Nxb3 Qxc3
31.Qc5 Qb2 32.Na5 Qc1+ 33.Kg2 Qd2+ 34.Kh3 Qe2 35.Qc4 Qxf3 36.Ne1 Qf2 37.Qc8+ Kg7
38.Ng2 g5 39.Qc6 Qf5+  0-1

[Event "BL2-S9798"]
[Site "Germany"]
[Date "1998.??.??"]
[Round "?.4"]
[White "Hauke, Christian"]
[Black "Pieper, Thomas"]
[Result "1/2-1/2"]
[WhiteElo "2210"]
[BlackElo "2230"]

1.d4 Nf6 2.Bg5 Ne4 3.Bf4 c5 4.d5 Qb6 5.Nd2 Nxd2 6.Bxd2 e5 7.dxe6 dxe6 8.Bc3 Nd7
9.g3 Nf6 10.Bg2 Be7 11.e4 Bd7 12.a4 Bc6 13.Qe2 O-O 14.Nh3 Nd7 15.Nf4 Bf6
16.e5 Bg5 17.Qg4 Bh6 18.O-O Rfd8 19.Nh5 Bxg2 20.Kxg2 Qc6+ 21.Qf3 Qxf3+ 22.Kxf3 g6
23.Nf6+ Nxf6 24.exf6 Rd5 25.Rfd1 Rad8 26.Rxd5 exd5 27.Be5 Re8 28.Bd6 Bf8
29.Bxf8 Kxf8 30.Rd1 d4 31.c3 Re6 32.cxd4 Rxf6+ 33.Ke3 Re6+ 34.Kf3 Rb6 35.dxc5 Rb3+
36.Ke4 Rxb2 37.Rd7 Re2+ 38.Kd3 Re7 39.Rd8+ Kg7 40.f4 h5 41.Ra8 a6 42.c6 bxc6
43.Rxa6 Re1 44.Rxc6 Ra1 45.Rc4 Ra2  1/2-1/2

[Event "Oberliga Nord N9798"]
[Site "Germany"]
[Date "1998.??.??"]
[Round "?"]
[White "Sell, Achim"]
[Black "Homuth, Wolfgang"]
[Result "1-0"]
[WhiteElo "2300"]
[BlackElo "2185"]

1.d4 Nf6 2.Bg5 Ne4 3.h4 d5 4.Nd2 Nxd2 5.Qxd2 c5 6.e4 f6 7.exd5 cxd4 8.Bb5+ Bd7
9.Bd3 Qb6 10.c4 fxg5 11.hxg5 Na6 12.Nf3 e5 13.O-O-O Bd6 14.Nxe5 Bxe5 15.Rde1 O-O-O
16.Rxe5 Nb4 17.b3 Qd6 18.f4 g6 19.Kb2 Kb8 20.Bb1 Qb6 21.Rc1 Na6 22.Rd1 Bg4
23.Rde1 d3 24.Bxd3 Qd4+ 25.Kc2 Nc5 26.Qe3 Qxe3 27.R1xe3 Nxd3 28.Kxd3 Rhf8
29.g3 Bf5+ 30.Kd4 Rd7 31.Re7 Kc7 32.c5 Rd8 33.b4 Bh3 34.R3e5 Bg2 35.d6+ Kc6
36.a4 a6 37.Rxd7 Rxd7 38.Re8 b6 39.Rb8 bxc5+ 40.bxc5 Rb7 41.Rxb7 Kxb7 42.Ke5 a5
43.g4 Bc6 44.f5 gxf5 45.gxf5 Bxa4 46.Ke6 Kc8 47.Ke7 Bd7 48.f6  1-0

[Event "Oberliga Ost B9798"]
[Site "Germany"]
[Date "1998.??.??"]
[Round "?.1"]
[White "Euler, Gerd"]
[Black "Grabarczyk, Miroslaw"]
[Result "0-1"]
[WhiteElo "2365"]
[BlackElo "2480"]

1.d4 Nf6 2.Bg5 Ne4 3.Bf4 c5 4.f3 Qa5+ 5.c3 Nf6 6.Nd2 cxd4 7.Nb3 Qb6 8.Qxd4 Nc6
9.Qxb6 axb6 10.e4 d5 11.exd5 Nxd5 12.Bd2 e5 13.Bb5 Be6 14.Ne2 Nxc3 15.Bxc3 Bxb3
16.Bxe5 Rxa2 17.Rxa2 Bxa2 18.Nc3 Be6 19.Na4 Bd7 20.Bc7 Nb4 21.Bxd7+ Kxd7
22.Bxb6 Kc6 23.Kd2 Kb5 24.b3 Be7 25.g3 Ra8 26.Re1 Bf6 27.Bc7 Nc6 28.f4 Bd4
29.Re4 f6 30.Re6 f5 31.Rd6 Kb4 32.Kc2 Re8 33.Rd7 Re2+ 34.Kd3 Re3+ 35.Kc2 Rxb3
36.Nb6 Rf3 37.Bd6+ Kb5 38.Nc8 b6 39.Be5 Rf2+ 40.Kd1 Kc4 41.Bxd4 Nxd4 42.Nxb6+ Kd3
43.Ke1 Rxh2 44.Rxg7 h5 45.Kf1 Rb2 46.Rg6 Ke4 47.Nc4 Rc2 48.Ne5 Ke3 49.Kg1 Ne2+
50.Kf1 h4 51.Rc6 Nxg3+ 52.Kg1 Ra2 53.Ng6 Ne2+ 54.Kh1 h3 55.Re6+ Kf3 56.Ne5+ Kxf4
57.Nd3+ Kg5 58.Nf2 Ng3+ 59.Kg1 Rxf2 60.Kxf2 h2 61.Re1 Kg4 62.Ra1 h1=Q 63.Ra4+ Ne4+
64.Ke3 Qc1+ 65.Kd4 Qc5+ 66.Kd3 Qc3+ 67.Ke2 Qd2+  0-1

[Event "Bundesliga 9798"]
[Site "Germany"]
[Date "1998.??.??"]
[Round "?.6"]
[White "Mirschinka, Dirk"]
[Black "Berndt, Stephan"]
[Result "0-1"]
[WhiteElo "2260"]
[BlackElo "2360"]

1.d4 Nf6 2.Bg5 Ne4 3.Bf4 c5 4.dxc5 Nc6 5.Nf3 Qa5+ 6.c3 Qxc5 7.Be3 Qh5 8.Na3 e6
9.g4 Qa5 10.Nc4 Qc7 11.Qc2 d5 12.O-O-O Nf6 13.g5 Ng4 14.Bh3 Nxe3 15.Nxe3 Bc5
16.Ng2 Bd7 17.e3 Bd6 18.Nd2 Rc8 19.Nb3 a5 20.Nd4 Nxd4 21.Rxd4 b5 22.Kb1 b4
23.c4 Be5 24.Rh4 dxc4 25.f4 b3 26.Qe4 c3 27.bxc3 Qxc3 28.fxe5 b2 29.a4 Qa3  0-1

[Event "Bundesliga 9798"]
[Site "Germany"]
[Date "1998.??.??"]
[Round "?.3"]
[White "Knaak, Rainer"]
[Black "Kempinski, Robert"]
[Result "0-1"]
[WhiteElo "2555"]
[BlackElo "2530"]

1.d4 Nf6 2.Bg5 Ne4 3.Bf4 c5 4.f3 Nf6 5.dxc5 b6 6.e4 e6 7.cxb6 Qxb6 8.Nd2 d5
9.exd5 Bc5 10.Nh3 Nxd5 11.Nc4 Qd8 12.Qd2 O-O 13.Bg3 Ba6 14.c3 Qc8 15.Bh4 Nd7
16.Bd3 Bxc4 17.Bxc4 Ne3 18.Bb3 Ne5 19.Bg5 N5c4 20.Bxc4 Nxc4 21.Qe2 h6 22.Bc1 Rd8
23.Nf2 Rd5 24.O-O Re5 25.Qc2 Qa6 26.b3 Nd6 27.c4 Nf5 28.f4 Nd4 29.Qd3 Re2
30.b4 Be7 31.Be3 Rxe3 32.Qxe3 Qxc4 33.Rab1 Bxb4 34.Kh1 Bc5 35.Qe4 Rd8 36.Rfc1 Qxa2
37.Nd3 Bb6 38.Ne5 Nf5 39.Qb7 Nd6 40.Qf3 Qa4 41.Nc6 Re8 42.Rb4 Qa2 43.Rd1 Nf5
44.Re4 Rc8 45.Ree1 Qf2 46.Qxf2 Bxf2 47.Re2 Bb6 48.Rc2 Kh7 49.Nb4 Rb8 50.Na6 Re8
51.Rd7 e5 52.g4 Ne3 53.Re2 exf4 54.Rxf7 Rc8 55.h3 Rc4 56.Ra2 Kg8 57.Rd7 f3
58.Kh2 f2 59.Rxf2 Nxg4+  0-1

[Event "Bundesliga 9798"]
[Site "Germany"]
[Date "1998.??.??"]
[Round "?.3"]
[White "Knaak, Rainer"]
[Black "Volke, Karsten"]
[Result "1-0"]
[WhiteElo "2555"]
[BlackElo "2455"]

1.d4 Nf6 2.Bg5 Ne4 3.Bf4 c5 4.f3 Qa5+ 5.c3 Nf6 6.Nd2 cxd4 7.Nb3 Qb6 8.Qxd4 Nc6
9.Qxb6 axb6 10.Nd4 Nxd4 11.cxd4 e6 12.e4 d5 13.e5 Nd7 14.Bd2 Nb8 15.Bd3 Nc6
16.Ne2 Bd7 17.O-O Nb4 18.Bxb4 Bxb4 19.f4 f6 20.a3 Be7 21.Rac1 Kd8 22.Rc3 Rc8
23.Rb3 Kc7 24.Rf3 f5 25.h3 Ba4 26.Rc3+ Kb8 27.Rf1 Bd7 28.Rb3 Ka7 29.a4 h5
30.Ra1 g5 31.a5 bxa5 32.Rxa5+ Kb8 33.Bb5 Bxb5 34.Raxb5 Rc7 35.Rb6 Rh6 36.Nc3 Bd8
37.Rd6 Be7 38.Rdb6 Bd8 39.Rd6 Be7 40.fxg5 Bxg5 41.Kf2 Be7 42.Ra6 Bf8 43.Ne2 Be7
44.Nf4 Rc2+ 45.Kf3 Rc1 46.Rab6 Rf1+ 47.Ke3 Bg5 48.Rxb7+ Kc8 49.Rb8+ Kc7 50.R3b7+ Kc6
51.b4 Bxf4+ 52.Ke2 Rb1 53.b5+ Rxb5 54.Rxb5 Rg6 55.R8b7  1-0

[Event "Bundesliga 9798"]
[Site "Germany"]
[Date "1998.??.??"]
[Round "?.3"]
[White "Knaak, Rainer"]
[Black "Wells, Peter K"]
[Result "1/2-1/2"]
[WhiteElo "2555"]
[BlackElo "2530"]

1.d4 Nf6 2.Bg5 Ne4 3.Bf4 c5 4.f3 Qa5+ 5.c3 Nf6 6.d5 Qb6 7.Bc1 e6 8.c4 Bd6
9.Nc3 O-O 10.e4 Be5 11.Bd3 Bxc3+ 12.bxc3 d6 13.Ne2 Re8 14.Qc2 Nbd7 15.f4 exd5
16.exd5 Qa5 17.O-O a6 18.a4 Nb6 19.Ng3 Bd7 20.Bd2 Nxa4 21.Rfb1 b5 22.cxb5 c4
23.Bxh7+ Nxh7 24.Rxa4 Qb6+ 25.Kh1 axb5 26.Rxc4 Nf6 27.Rd4 Qc5 28.Qd3 Ng4
29.Qf1 Ra4 30.Qg1 Rxd4 31.Qxd4 Qxd4 32.cxd4 Nf6 33.Bb4 Nxd5 34.Bxd6 b4 35.Kg1 Ba4
36.Rxb4 Nxb4 37.Bxb4 Rb8 38.Bc5 Rb1+ 39.Kf2 Bc6 40.Nf5 Rb2+ 41.Ke3 Rb3+ 42.Kf2 Rb2+
43.Ke3 Rb3+ 44.Kf2  1/2-1/2

[Event "Bundesliga 9798"]
[Site "Germany"]
[Date "1998.??.??"]
[Round "?.4"]
[White "Lorenz, Gerd"]
[Black "Kachiani Gersinska, Ketino"]
[Result "1/2-1/2"]
[WhiteElo "2305"]
[BlackElo "2415"]

1.d4 Nf6 2.Bg5 Ne4 3.Bf4 c5 4.dxc5 Na6 5.Nd2 Naxc5 6.Nxe4 Nxe4 7.Qd4 Qa5+
8.c3 Ng5 9.Bxg5 Qxg5 10.Nf3 Qf6 11.e3 Qxd4 12.cxd4 e6 13.a3 Bd6 14.Be2 b6
15.d5 Bb7 16.Rd1 e5 17.O-O Ke7 18.e4 Rac8 19.Bd3 f6 20.g4 a6 21.Kg2 b5 22.Ng1 h5
23.h3 h4 24.Nf3 g5 25.Rc1 Bc5 26.Rc2 b4 27.a4 b3 28.Rc3 Bb4 29.Rxb3 a5 30.Bb5 Rc7
31.Rd1 d6 32.Ne1 Rc5 33.Nd3 Rxd5 34.Rxb4 Rxd3 35.Rxd3 axb4 36.f3 Rc8 37.Rb3 Rc2+
38.Kg1 d5 39.Rxb4 dxe4 40.Bf1 Bc6 41.fxe4 Kd6 42.Bd3 Rd2 43.Bb5 Rd1+ 44.Kf2 Ba8
45.Be2 Ra1 46.b3 Bc6 47.Bd3 Rd1 48.Be2 Ra1 49.Bb5 Ra2+ 50.Be2  1/2-1/2

[Event "Bundesliga 9798"]
[Site "Germany"]
[Date "1998.??.??"]
[Round "?.4"]
[White "Lorenz, Gerd"]
[Black "Polzin, Rainer"]
[Result "1-0"]
[WhiteElo "2305"]
[BlackElo "2445"]

1.d4 Nf6 2.Bg5 Ne4 3.Bf4 c5 4.dxc5 Nc6 5.Nf3 Qa5+ 6.Nbd2 e5 7.Be3 Bxc5 8.Bxc5 Nxd2
9.Qxd2 Qxc5 10.e4 O-O 11.Rd1 d6 12.c3 Be6 13.Ng5 Rad8 14.b4 Qb6 15.Nxe6 fxe6
16.Bc4 Rf6 17.O-O Ne7 18.Bb3 Kh8 19.Qe2 Rdf8 20.Qe3 Qa6 21.Rd2 Nc8 22.Rfd1 Qc6
23.c4 b6 24.f3 h6 25.c5 dxc5 26.bxc5 bxc5 27.Rc2 Qb6 28.Qxc5 Qb8 29.Bxe6 Nb6
30.Bb3 Qe8 31.Rcd2 Kh7 32.Rd6 Qe7 33.Rc6 Qe8 34.Rxf6 Rxf6 35.Qc7 Rc6 36.Rd8 Rxc7
37.Rxe8 Rc5 38.h4 Kg6 39.Kh2 h5 40.Re6+ Kh7 41.Re7 Nc8 42.Re8 Nd6 43.Bg8+ Kh8
44.Rd8 Rc8 45.Rxc8 Nxc8 46.Bf7 Nb6 47.Kg3 Kh7 48.Bxh5 g6 49.Bg4 Kg7 50.Be6  1-0

[Event "NRW-Liga 9798"]
[Site "Germany"]
[Date "1998.??.??"]
[Round "5"]
[White "Heisel, Guido"]
[Black "Stolte, Alexander"]
[Result "1-0"]
[WhiteElo "2225"]
[BlackElo "2165"]

1.d4 Nf6 2.Bg5 Ne4 3.Bf4 c5 4.d5 Qb6 5.Nd2 Qxb2 6.Nxe4 Qb4+ 7.Qd2 Qxe4 8.e3 Qb4
9.c3 Qa5 10.Rb1 d6 11.e4 g6 12.Bb5+ Bd7 13.Bd3 Bg7 14.Ne2 b5 15.Bh6 Bxh6
16.Qxh6 c4 17.Bc2 Qxa2 18.Qg7 Rf8 19.Nd4 Qa5 20.Kd2 Na6 21.Ra1 Qb6 22.Rhb1 Nc5
23.Qxh7 Kd8 24.Qh4 Kc7 25.Qxe7 Rfe8 26.Qh4 g5 27.Qh7 a5 28.f3 b4 29.Bd1 Nb3+
30.Bxb3 bxc3+ 31.Ke3 cxb3 32.Rxb3 Qc5 33.Rc1 Kd8 34.Rcxc3 Qa7 35.Qxf7 a4
36.Ra3  1-0

[Event "NRW-Liga 9798"]
[Site "Germany"]
[Date "1998.??.??"]
[Round "6"]
[White "Brenke, Andreas"]
[Black "Werbeck, Torsten"]
[Result "1/2-1/2"]
[WhiteElo "2275"]
[BlackElo "2265"]

1.d4 Nf6 2.Bg5 Ne4 3.Bf4 c5 4.f3 Nf6 5.dxc5 Qa5+ 6.Qd2 Qxc5 7.e4 d6 8.Nc3 Be6
9.O-O-O Nbd7 10.Nge2 a6 11.Nd4 Rc8 12.Kb1 Bc4 13.Nb3 Qc7 14.Bxc4 Qxc4 15.Rhe1 g6
16.e5 dxe5 17.Bxe5 Nxe5 18.Rxe5 e6 19.Ne4 Be7 20.Nd6+ Bxd6 21.Qxd6 Qc6 22.Nc5 Qxd6
23.Rxd6 Rc7 24.Rb6 Nd7  1/2-1/2

[Event "BL2-O9798"]
[Site "Germany"]
[Date "1998.??.??"]
[Round "6.8"]
[White "Huemmer, Bernd"]
[Black "Darnstaedt, Frank"]
[Result "1-0"]
[WhiteElo "2255"]
[BlackElo "2280"]

1.d4 Nf6 2.Bg5 Ne4 3.Bf4 c5 4.d5 d6 5.f3 Nf6 6.e4 g6 7.Nc3 Bg7 8.Qd2 O-O
9.Nge2 a6 10.a4 b6 11.g4 Nbd7 12.Ng3 Rb8 13.h4 Re8 14.h5 Nf8 15.Bh6 e6 16.dxe6 Bxe6
17.Bxg7 Kxg7 18.hxg6 fxg6 19.Bxa6 d5 20.Bb5 Re7 21.O-O-O d4 22.Nf5+ gxf5
23.exf5 Kh8 24.fxe6 Nxe6 25.g5 Nd5 26.Ne4 Ne3 27.Rdg1 Rg7 28.g6 Qf8 29.Qh2 Qf4
30.Nf6 Qxh2 31.Rxh2 Nf8 32.Rgh1 Rbb7 33.Bc6 Rbe7 34.Be4 Nc4 35.Nxh7 Nxh7
36.gxh7  1-0